Images économiques du monde : Géoéconomie-géopolitique 2014 : population, aires régionales, pays, entreprises, secteurs, échanges (notice n° 1796394)

détails MARC
000 -LEADER
fixed length control field 01411cam a2200205 4500500
005 - DATE AND TIME OF LATEST TRANSACTION
control field 20260329000521.0
041 ## - LANGUAGE CODE
Language code of text/sound track or separate title fre
042 ## - AUTHENTICATION CODE
Authentication code dc
100 10 - MAIN ENTRY--PERSONAL NAME
Personal name Bost, François
Relator term author
245 00 - TITLE STATEMENT
Title Images économiques du monde : Géoéconomie-géopolitique 2014 : population, aires régionales, pays, entreprises, secteurs, échanges
260 ## - PUBLICATION, DISTRIBUTION, ETC.
Name of publisher, distributor, etc. Armand Colin,<br/>
Date of publication, distribution, etc. 2013.<br/>
520 ## - SUMMARY, ETC.
Summary, etc. Le dossier 2014 dresse un tableau et un bilan de la situation de la désindustrialisation dans les pays développés. Il interroge la nécessaire réindustrialisation des économies et des territoires autour de plusieurs questions centrales&amp;amp;nbsp;: si le redéploiement de l’industrie mondiale vers les pays émergents est inéluctable, les pays industrialisés peuvent-ils espérer enrayer le phénomène et conserver leurs positions&amp;amp;#8239;? N’est-il pas à bien des égards trop tard&amp;amp;#8239;? Comment peuvent-ils agir et se ressaisir&amp;amp;#8239;? Les cartes en couleur sont téléchargeables sur le site armand-colin.com.
700 10 - ADDED ENTRY--PERSONAL NAME
Personal name Carroué, Laurent
Relator term author
700 10 - ADDED ENTRY--PERSONAL NAME
Personal name Colin, Sébastien
Relator term author
700 10 - ADDED ENTRY--PERSONAL NAME
Personal name Girault, Christian
Relator term author
700 10 - ADDED ENTRY--PERSONAL NAME
Personal name Humain-Lamoure
Relator term author
700 10 - ADDED ENTRY--PERSONAL NAME
Personal name Sanmartin, Olivier
Relator term author
700 10 - ADDED ENTRY--PERSONAL NAME
Personal name Teurtrie, David
Relator term author
856 41 - ELECTRONIC LOCATION AND ACCESS
Uniform Resource Identifier <a href="https://shs.cairn.info/images-economiques-du-monde-2014--9782200288501?lang=fr&redirect-ssocas=7080">https://shs.cairn.info/images-economiques-du-monde-2014--9782200288501?lang=fr&redirect-ssocas=7080</a>

Pas d'exemplaire disponible.

PLUDOC

PLUDOC est la plateforme unique et centralisée de gestion des bibliothèques physiques et numériques de Guinée administré par le CEDUST. Elle est la plus grande base de données de ressources documentaires pour les Étudiants, Enseignants chercheurs et Chercheurs de Guinée.

Adresse

627 919 101/664 919 101

25 boulevard du commerce
Kaloum, Conakry, Guinée

Réseaux sociaux

Powered by Netsen Group @ 2025